| 000 | 01058pam a2200277 a 4500 | ||
|---|---|---|---|
| 999 |
_c3574 _d3574 |
||
| 001 | 3889027 | ||
| 003 | GZU | ||
| 005 | 20201202115331.0 | ||
| 008 | 900330s1990 nyuabf b 001 0 eng | ||
| 010 | _a 90033890 | ||
| 020 | _a0471522791 | ||
| 040 |
_aDLC _cDLC _dDLC |
||
| 050 | 0 | 0 |
_aS591 _b.FOT 1990 |
| 100 | 1 |
_aFoth, H. D. _d(Henry D.) _eauthor |
|
| 245 | 1 | 0 |
_aFundamentals of soil science / _cHenry D. Foth. |
| 250 | _a8th ed. | ||
| 260 |
_aNew York : _bWiley, _cc1990. |
||
| 300 |
_axv, 360 p., 6 p. of plates : _bill. (some col.), maps ; _c24 cm. |
||
| 504 | _aIncludes bibliographical references and index. | ||
| 650 | 0 | _aSoil science. | |
| 856 | 4 | 2 |
_3Publisher description _uhttp://www.loc.gov/catdir/description/wiley0310/90033890.html |
| 856 | 4 |
_3Table of Contents _uhttp://www.loc.gov/catdir/toc/onix01/90033890.html |
|
| 906 |
_a7 _bcbc _corignew _d1 _eocip _f19 _gy-gencatlg |
||
| 942 |
_2lcc _cBK _e8th ed. _h591 _iFOT _kS |
||